One earth, one future : our changing global environment /
محفوظ في:
| المؤلف الرئيسي: | |
|---|---|
| مؤلفون آخرون: | |
| التنسيق: | كتاب |
| منشور في: |
New Delhi :
Affiliated East-West press Pvt ltd ,
c1991.
|
| الموضوعات: | |
| الوسوم: |
إضافة وسم
لا توجد وسوم, كن أول من يضع وسما على هذه التسجيلة!
|
MARC
| LEADER | 00000nam a2200000 4500 | ||
|---|---|---|---|
| 020 | |a 8185336695 |c TZS 6,49/= | ||
| 040 | |a MUL |b eng |e AACR | ||
| 082 | |a 363.7 SIL | ||
| 100 | |a Silver, Cheryl Simon. | ||
| 245 | |a One earth, one future : |b our changing global environment / |c Cheryl Simon Silver and Ruth S. DeFries. | ||
| 260 | |a New Delhi : |b Affiliated East-West press Pvt ltd , |c c1991. | ||
| 300 | |a xii ,196 . ; |c 22 cm. | ||
| 504 | |a Includes index | ||
| 546 | |a eng. | ||
| 650 | |a Environmental policy | ||
| 650 | |a Global warming | ||
| 650 | |a Pollution | ||
| 700 | |a DeFries, Ruth S. | ||
| 942 | |c BK | ||
| 999 | |c 2526 |d 2526 | ||